| 000 | 01445nam a2200433 i 4500 | ||
|---|---|---|---|
| 001 | 14721 | ||
| 003 | KOSZ 005 | ||
| 005 | 20191116121127.0 | ||
| 008 | 070608s1969 pl a f f 000 0 pol | ||
| 015 | _aPB 1970/300 | ||
| 035 | _a991034625709705066 | ||
| 035 | _a(PL-WaBN)b19321077-48omnis_nlop | ||
| 035 | _ab19321077 | ||
| 035 | _a(OCoLC)838875926 | ||
| 035 | _a(PL)b0000001932107 | ||
| 035 | _a(EXLNZ-48OMNIS_NETWORK)9910267993605606 | ||
| 040 |
_aWA N _cWA N _dKOSZ 005/KK |
||
| 080 | _a631.3(084.1):29 | ||
| 080 | _a29.11(084.1) | ||
| 100 | 1 |
_aRadzki, Zbigniew. _eAutor |
|
| 245 | 1 | 0 |
_aCiągnik w zimie czyli Eksploatacja w niskich temperaturach / _cZbigniew Radzki. |
| 260 |
_aWarszawa : _bPaństw. Wydawnictwa Rolnicze i Leśne, _c1969. |
||
| 300 |
_a100, [4] strony : _bilustracje ; _c23 cm. |
||
| 336 |
_2rdacontent _aTekst _btxt |
||
| 337 |
_2rdamedia _aBez urządzenia pośredniczącego _bn |
||
| 338 |
_2rdacarrier _aWolumin _bnc |
||
| 380 | _aKsiążki | ||
| 388 | _a1901-2000 | ||
| 490 | 1 | _aBiblioteka "Traktora" | |
| 650 | 7 |
_aMróz _2DBN |
|
| 650 | 7 |
_aCiągnik rolniczy _2DBN |
|
| 655 | 7 |
_aPoradniki _2DBN |
|
| 658 | _aInżynieria i technika | ||
| 658 | _aRolnictwo i leśnictwo | ||
| 830 | 0 | _aBiblioteka "Traktora" | |
| 856 |
_uhttp://koha.tu.koszalin.pl/cgi-bin/koha/opac-detail.pl?biblionumber=14721 _yKatalog online BPK |
||
| 942 |
_2UKD _cKS |
||
| 999 |
_c14721 _d14721 |
||